Nghiên cứu chính sách đối ngoại Trung Quốc từ góc độ Lý luận Quan hệ quốc tế /
Sparad:
| Huvudupphovsman: | |
|---|---|
| Materialtyp: | Artikel |
| Språk: | Vietnamese |
| Ämnen: | |
| Taggar: |
Lägg till en tagg
Inga taggar, Lägg till första taggen!
|
| Thư viện lưu trữ: | Thư viện Trường Đại học Đà Lạt |
|---|
| LEADER | 00803nam a2200253 4500 | ||
|---|---|---|---|
| 001 | DLU170179573 | ||
| 005 | ##20170411 | ||
| 040 | # | # | |a DLU |b vie |
| 041 | # | # | |a vie |
| 044 | # | # | |a vn |
| 100 | # | # | |a Đỗ Thị Thủy. |
| 245 | # | # | |a Nghiên cứu chính sách đối ngoại Trung Quốc từ góc độ Lý luận Quan hệ quốc tế / |c Đỗ Thị Thủy. |
| 653 | # | # | |a Chính sách đối ngoại |
| 653 | # | # | |a Quan hệ quốc tế |
| 653 | # | # | |a Trung Quốc |
| 773 | # | # | |t Nghiên cứu quốc tế |g Số 4(83), 2010, tr.53-74 |
| 920 | # | # | |a Phòng Tạp chí -- Trung tâm Thông tin - Thư viện Trường Đại học Đà Lạt |
| 900 | # | # | |a True |
| 911 | # | # | |a Nguyễn Thị Thu Phương |
| 925 | # | # | |a G |
| 926 | # | # | |a A |
| 927 | # | # | |a BB |
| 980 | # | # | |a Thư viện Trường Đại học Đà Lạt |